000 00702nam a22002297a 4500
005 20150124123847.0
008 121010t mx ||||| |||| 00| 0 spa d
050 0 4 _aGN738
_bC44 1964
100 1 _aGordon, Childe V.
245 1 0 _aEvolucion social /
_cChilde V. Gordon, tr. Daisy Learn y Eli de Gortari
250 _a1a ed.
260 _aMèxico :
_bU.N.A.M.,
_c1964
300 _a185 p. :
_c22 cm.
490 _a(Problemas cientificos y filosoficos ; )
_vV. 29
504 _aIncluye ìndice
650 7 _2Lemb
_aHombre prehistorico
650 7 _2Lemb
_aCivilizacion
650 7 _2Lemb
_aSociedad primitiva
700 1 _aLearn, Daisy,
_etr.
700 1 _aGortari, Eli de,
_etr.
942 _2ddc
_cLIB
999 _c33638
_d33638